Sports Quiz

Random Sports or Football Quiz
Score 0/140 Timer 10:00
0 Plays Today
Season Name % Correct
2009/10Lionel Messi
99.2%
2011/12Lionel Messi
99.2%
2012/13Lionel Messi
99.2%
2016/17Lionel Messi
99.2%
2017/18Lionel Messi
99.2%
2018/19Lionel Messi
99.2%
2007/08Cristiano Ronaldo
98.9%
2010/11Cristiano Ronaldo
98.9%
2013/14Cristiano Ronaldo
98.9%
2014/15Cristiano Ronaldo
98.9%
1996/97Ronaldo
98.6%
2003/04Ronaldo
98.6%
2019/20Lionel Messi
98.2%
2015/16Harry Kane
97.8%
2016/17Harry Kane
97.8%
2012/13Edinson Cavani
97.5%
2013/14Robert Lewandowski
97.5%
2015/16Robert Lewandowski
97.5%
2016/17Edinson Cavani
97.5%
2017/18Robert Lewandowski
97.5%
2017/18Edinson Cavani
97.5%
2018/19Robert Lewandowski
97.5%
2018/19Pierre-Emerick Aubameyang/Sadio Mané/Mohamed Salah
97.2%
2013/14Luis Suárez
96.9%
2015/16Luis Suárez
96.9%
2017/18Mohamed Salah
96.9%
2019/20Jamie Vardy
96.5%
2019/20Robert Lewandowski
96.5%
2019/20Ciro Immobile
96.5%
2019/20Kylian Mbappé/Wissam Ben Yedder
96.5%
2008/09Zlatan Ibrahimović
96.1%
2011/12Zlatan Ibrahimović
96.1%
2012/13Zlatan Ibrahimović
96.1%
2013/14Zlatan Ibrahimović
96.1%
2014/15Sergio Agüero
96.1%
2015/16Zlatan Ibrahimović
96.1%
2006/07Didier Drogba
95.8%
2009/10Didier Drogba
95.8%
2011/12Robin van Persie
95.8%
2012/13Robin van Persie
95.8%
2001/02Thierry Henry
95.3%
2003/04Thierry Henry
95.3%
2004/05Thierry Henry
95.3%
2005/06Thierry Henry
95.3%
2018/19Kylian Mbappé
95%
2017/18Mauro Icardi/Ciro Immobile
94.4%
2014/15Mauro Icardi/Luca Toni
92.8%
Season Name % Correct
2016/17Pierre-Emerick Aubameyang
92.5%
1994/95Alan Shearer
91.9%
1995/96Alan Shearer
91.9%
1996/97Alan Shearer
91.9%
2009/10Edin Džeko
91.6%
2016/17Edin Džeko
91.6%
2010/11Carlos Tevez/Dimitar Berbatov
90.5%
2004/05Diego Forlán/Samuel Eto'o
90.3%
1998/99Michael Owen/Dwight Yorke/Jimmy Floyd Hasselbaink
89.1%
2002/03Ruud van Nistelrooy
89.1%
2006/07Ruud van Nistelrooy
89.1%
1998/99Raúl
88.6%
2000/01Raúl
88.6%
1997/98Chris Sutton/Dion Dublin/Michael Owen
85.2%
2005/06Samuel Eto'o
85.2%
2015/16Gonzalo Higuaín
84.7%
2006/07Francesco Totti
84.1%
2005/06Luca Toni
82.2%
2007/08Luca Toni
82.2%
2013/14Ciro Immobile
81.6%
2009/10Antonio Di Natale
81.3%
2010/11Antonio Di Natale
81.3%
2010/11Mario Gómez
80.5%
2007/08Alessandro Del Piero
80.2%
2008/09Diego Forlán
80.2%
2008/09Nicolas Anelka
76.9%
1999/00Andriy Shevchenko
76%
2003/04Andriy Shevchenko
76%
2000/01Jimmy Floyd Hasselbaink
74.1%
2014/15Alexandre Lacazette
73.3%
1993/94Andy Cole
73%
2005/06Miroslav Klose
71.3%
2002/03Roy Makaay
70.2%
2007/08Karim Benzema
69.9%
2011/12Olivier Giroud/Nenê
69.6%
1992/93Teddy Sheringham
68%
2001/02David Trezeguet/Dario Hübner
67.7%
1996/97Filippo Inzaghi
65.7%
1999/00Kevin Phillips
65.7%
2011/12Klaas-Jan Huntelaar
63.8%
2018/19Fabio Quagliarella
63.8%
1997/98Christian Vieri
61.6%
2002/03Christian Vieri
61.6%
2000/01Hernán Crespo
59.9%
1994/95Gabriel Batistuta
57.4%
2008/09Grafite
56.8%
2005/06Pauleta
55.2%
Season Name % Correct
2006/07Pauleta
55.2%
1993/94Romário
54.9%
2012/13Stefan Kießling
53.5%
2002/03Thomas Christiansen/Giovane Élber
52.4%
2003/04Djibril Cissé
50.4%
2001/02Djibril Cissé/Pauleta
50.1%
2001/02Diego Tristán
44%
2007/08Daniel Güiza
44%
2008/09André-Pierre Gignac
43.7%
1995/96Sonny Anderson
41.5%
1999/00Sonny Anderson
41.5%
2000/01Sonny Anderson
41.5%
1997/98Oliver Bierhoff
34.5%
2002/03Shabani Nonda
32.3%
2010/11Moussa Sow
32%
1998/99Sylvain Wiltord
31.8%
1996/97Stéphane Guivarc'h
30.6%
1997/98Stéphane Guivarc'h
30.6%
1994/95Iván Zamorano
29.5%
2004/05Cristiano Lucarelli
29.5%
2003/04Aílton
29.2%
2001/02Márcio Amoroso/Martin Max
26.5%
1992/93Alen Bokšić
25.1%
2014/15Alexander Meier
24.8%
1992/93Ulf Kirsten/Anthony Yeboah
24.5%
1992/93Giuseppe Signori
24.5%
1993/94Giuseppe Signori
24.5%
1995/96Igor Protti|Giuseppe Signori
24.5%
1996/97Ulf Kirsten
23.4%
1997/98Ulf Kirsten
23.4%
2009/10Mamadou Niang
22.8%
1998/99Márcio Amoroso
22.6%
2000/01Sergej Barbarez/Ebbe Sand
21.4%
2004/05Alexander Frei
21.2%
1992/93Bebeto
20.6%
1994/95Patrice Loko
19.2%
1999/00Martin Max
18.1%
1993/94Stefan Kuntz/Anthony Yeboah
17.8%
1993/94Roger Boli/Youri Djorkaeff/Nicolas Ouédec
17.5%
2006/07Theofanis Gekas
15%
1995/96Fredi Bobic
13.4%
2004/05Marek Mintál
13.4%
1999/00Salva Ballesta
13.1%
1995/96Juan Antonio Pizzi
9.2%
1994/95Mario Basler/Heiko Herrlich
8.6%
1998/99Michael Preetz
8.4%
Remove Ads.
Support Sporcle.
Get the best of Sporcle when you Go Orange. This ad-free experience offers more features, more stats, and more fun while also helping to support Sporcle. Thank you for becoming a member.

You're not logged in!

Compare scores with friends on all Sporcle quizzes.
OR
Log In

Show Comments

Extras

Top Quizzes Today


Score Distribution

Your Account Isn't Verified!

In order to create a playlist on Sporcle, you need to verify the email address you used during registration. Go to your Sporcle Settings to finish the process.

Report this User

Report this user for behavior that violates our Community Guidelines.

Details: